|
|
|
|
| LEADER |
00000cam a2200000 a 4500 |
| 001 |
vtls001312818 |
| 003 |
SK-MaSNL |
| 005 |
20260425222112.0 |
| 008 |
240226s1996 xo ba r 000 0 slo |
| 015 |
|
|
|a SNBA1998/03-01007
|
| 020 |
|
|
|a 8096754238
|
| 035 |
|
|
|a SNK000265223
|
| 035 |
|
|
|a urn:nbn:sk:snk-amkh0l
|
| 035 |
|
|
|a urn:nbn:sk:snk-am008g7u
|
| 035 |
|
|
|a 591F5E7F-C62D-43E9-8432-CA6AA2A2293A
|
| 040 |
|
|
|a SNK
|b slo
|c SNK
|e AACR2
|
| 041 |
0 |
|
|a slo
|
| 044 |
|
|
|a xo
|c SK
|
| 080 |
|
|
|a 352/353(437.6):336.12
|2 1981
|
| 100 |
1 |
|
|a Mikloš, Ivan,
|d 1960-
|4 aut
|9 104607
|
| 245 |
1 |
0 |
|a Nový systém financovania samosprávy na Slovensku
|c Ivan Mikloš, Viktor Nižňanský, Elena Žárska
|
| 260 |
|
|
|a Bratislava
|b Nadácia pre podporu lokálnej demokracie
|c 1996
|
| 300 |
|
|
|a 95 s.
|b grafy, sch., tab.
|c 21 cm
|
| 504 |
|
|
|a Bibliogr. s. 94-95
|
| 650 |
0 |
7 |
|a miestna správa
|2 SNK
|9 29496
|
| 650 |
0 |
7 |
|a financovanie
|2 SNK
|9 16004
|
| 651 |
|
7 |
|a Slovensko
|2 SNK
|9 14231
|
| 655 |
|
7 |
|a príručky
|2 SNK
|9 74364
|
| 700 |
1 |
|
|a Nižňanský, Viktor
|d 1953-
|4 aut
|9 159370
|
| 700 |
1 |
|
|a Žárska, Elena,
|d 1955-
|4 aut
|9 216302
|
| 919 |
|
|
|a 80-967542-3-8
|
| 958 |
|
|
|a TL
|
| 958 |
|
|
|a NB
|
| 999 |
|
|
|c 544397
|d 546327
|
| 952 |
|
|
|t P60, <09>, [BOOK], {629}
|a SNK
|b SNK
|y NEVYP
|7 0
|o snkC 2397
|i snk4763/971203
|0 0
|1 0
|4 0
|d 1997-12-02
|l 0
|r 2005-01-02 00:00:00
|w 2026-02-23
|
| 952 |
|
|
|t P60, <03>, [BOOK], {603}
|a SNK
|b SNK
|y PREZ
|7 0
|p 17A0108279
|o snkSC 94572
|i snkKSP 11869/97
|0 0
|1 0
|4 0
|d 1997-12-02
|f 1
|l 0
|r 2025-09-12 00:00:00
|w 2026-02-23
|
| 952 |
|
|
|t P60, <04>, [BOOK], {604}
|a SNK
|b SNK
|y VYP
|7 0
|p 17A0108278
|o snkSC 94572 D1
|i snkKSP 11870/97
|0 0
|1 0
|4 0
|d 1997-12-02
|l 0
|r 2005-01-02 00:00:00
|w 2026-02-23
|